Supreme Court reports : (Record no. 9438)

MARC details
000 -LEADER
fixed length control field 01048nam a22001937a 4500
003 - CONTROL NUMBER IDENTIFIER
control field OSt
005 - DATE AND TIME OF LATEST TRANSACTION
control field 20260415032135.0
008 - FIXED-LENGTH DATA ELEMENTS--GENERAL INFORMATION
fixed length control field 260415b |||||||| |||| 00| 0 eng d
040 ## - CATALOGING SOURCE
Original cataloging agency DWC-Main lib.
Transcribing agency OC
082 ## - DEWEY DECIMAL CLASSIFICATION NUMBER
Classification number GR. 348.044 Su959
110 ## - MAIN ENTRY--CORPORATE NAME
Corporate name or jurisdiction name as entry element EDITORIAL STAFF OF THE CENTRAL LAWBOOK PUBLISHING CO., INC
245 ## - TITLE STATEMENT
Title Supreme Court reports :
Remainder of title annotated/
Statement of responsibility, etc. EDITORIAL STAFF OF THE CENTRAL LAWBOOK PUBLISHING CO., INC
260 ## - PUBLICATION, DISTRIBUTION, ETC.
Place of publication, distribution, etc. Manila, Philippines :
Name of publisher, distributor, etc. Central Lawbook Publishing Company, Inc.
300 ## - PHYSICAL DESCRIPTION
Extent various paging :
Dimensions 23 cm.
501 ## - WITH NOTE
With note Volume 201 to 210
504 ## - BIBLIOGRAPHY, ETC. NOTE
Bibliography, etc. note v.201 - August 21 to September 26, 1991<br/>v.202 - September 27 to October 15, 1991<br/>v.203 - Ocober 17 to November 20, 1991<br/>v.204 - November 21 to December, 1991<br/>v.205 - January 6 to February 4, 1992<br/>v.206 - February 7 to March 4, 1992<br/>v.207 - March 5 to April 8, 1992<br/>v.208 - April 10 to May 8, 1992<br/>v.209 - May 13 to June 15, 1992<br/>v.210 - June 16 to July 2, 1992
650 ## - SUBJECT ADDED ENTRY--TOPICAL TERM
Topical term or geographic name entry element 1. Law reports, digests, etc.--- Philippines
942 ## - ADDED ENTRY ELEMENTS (KOHA)
Source of classification or shelving scheme Dewey Decimal Classification
Koha item type General Reference
Classification part GR.
Suppress in OPAC No
952 ## - LOCATION AND ITEM INFORMATION (KOHA)
--
952 ## - LOCATION AND ITEM INFORMATION (KOHA)
--
952 ## - LOCATION AND ITEM INFORMATION (KOHA)
--
952 ## - LOCATION AND ITEM INFORMATION (KOHA)
--
952 ## - LOCATION AND ITEM INFORMATION (KOHA)
--
952 ## - LOCATION AND ITEM INFORMATION (KOHA)
--
952 ## - LOCATION AND ITEM INFORMATION (KOHA)
--
952 ## - LOCATION AND ITEM INFORMATION (KOHA)
--
952 ## - LOCATION AND ITEM INFORMATION (KOHA)
--
952 ## - LOCATION AND ITEM INFORMATION (KOHA)
--
Holdings
Withdrawn status Lost status Source of classification or shelving scheme Damaged status Not for loan Home library Current library Shelving location Date acquired Source of acquisition Total Checkouts Full call number Barcode Date last seen Copy number Price effective from Koha item type Uniform Resource Identifier
    Dewey Decimal Classification     College Library College Library General Reference 03/08/2006 School Fund   GR. 348.044 Su959 CL43072 04/15/2026 c1 04/15/2026 GR
    Dewey Decimal Classification     College Library College Library General Reference 03/08/2006 School Fund   GR. 348.044 Su959 43073 04/15/2026 c2 04/15/2026 GR
    Dewey Decimal Classification     College Library College Library General Reference 03/08/2006 School Fund   GR. 348.044 Su959 43074 04/15/2026 c3 04/15/2026 GR
    Dewey Decimal Classification     College Library College Library General Reference 03/08/2006 School Fund   GR. 348.044 Su959 43075 04/15/2026 c4 04/15/2026 GR
    Dewey Decimal Classification     College Library College Library General Reference 03/08/2006 School Fund   GR. 348.044 Su959 43076 04/15/2026 c5 04/15/2026 GR
    Dewey Decimal Classification     College Library College Library General Reference 03/08/2006 School Fund   GR. 348.044 Su959 43077 04/15/2026 c6 04/15/2026 GR
    Dewey Decimal Classification     College Library College Library General Reference 03/08/2006 School Fund   GR. 348.044 Su959 43078 04/15/2026 c7 04/15/2026 GR
    Dewey Decimal Classification     College Library College Library General Reference 03/08/2006 School Fund   GR. 348.044 Su959 43079 04/15/2026 c8 04/15/2026 GR
    Dewey Decimal Classification     College Library College Library General Reference 03/08/2006 School Fund   GR. 348.044 Su959 43080 04/15/2026 c9 04/15/2026 GR
    Dewey Decimal Classification     College Library College Library General Reference 03/08/2006 School Fund   GR. 348.044 Su959 43081 04/15/2026 c10 04/15/2026 GR